000 00563nam a22001577a 4500
999 _c533788
_d533788
020 _qHard Cover.
082 _a624.01
100 _aMoghis, Ahmed
245 _aBehavior of cold formed light gauge steel framed hollow and in-filled shear walls with fiber cement board sheathing /
_cAhmed Moghis.
260 _aIslamabad:
_bNICE - NUST,
_c2014.
300 _a68 p. :
_bill. ;
_c30cm.
942 _2ddc
_cTHE
650 _aStructural Engineering MS Ph. D-Thesis.
_927329
700 _aDr. Wasim Khaliq
_927538